| 000 | 00895nam a2200241Ia 4500 | ||
|---|---|---|---|
| 003 | OSt | ||
| 005 | 20220927110334.0 | ||
| 006 | a|||||r|||| 00| 0 | ||
| 007 | ta | ||
| 008 | 220926b |||||||| |||| 00| 0 eng d | ||
| 024 | _a65095 | ||
| 037 | _cReports | ||
| 040 |
_aRTL _cRTL _beng |
||
| 041 |
_2eng _aeng |
||
| 082 | _a"X415;F551:3.2.N51t, J3/GD" | ||
| 110 |
_a"India, Government Of .... Railway Euel Economy Enquiry (Committee on-) (1951) (Chairman: Darab Cursetji Driver)" _9376228 |
||
| 245 | 0 | _aReport. Vol.1 | |
| 260 |
_aDelhi _bManager Of Publication India _c1953 |
||
| 650 |
_aTransport Economic -- United State _9376229 |
||
| 700 |
_a"India, Government Of .... Railway Euel Economy Enquiry (Committee on-) (1951) (Chairman: Darab Cursetji Driver)" _9376230 |
||
| 942 |
_h"X415;F551:3.2.N51t, J3/GD" _cCC |
||
| 999 |
_c695581 _d695581 |
||